000 00436nam a2200133 a 4500
008 120416s1971 ||||||||||||||||| || u
050 _aPR 6057.A34P7
100 _aGainham, Sarah
245 1 0 _aPrivate worlds
260 _aLondon
_bWeidenfeld & Nicolson
_c1971
300 _a321p.
350 _a0.00
995 _D0.00
_FCBU-MAIN LIBRARY (Kitwe)
_H1
_I7.95
_M1
_UAVAILABLE
_ZFiction Collection
999 _c54704
_d54704